Relatos de nación : (Record no. 40283)
[ view plain ]
| 000 -CABECERA | |
|---|---|
| campo de control de longitud fija | 00774nam a2200181 a 4500 |
| 001 - NÚMERO DE CONTROL | |
| campo de control | 000040793 |
| 005 - FECHA Y HORA DE LA ÚLTIMA TRANSACCIÓN | |
| campo de control | 20201002034401.0 |
| 008 - DATOS DE LONGITUD FIJA--INFORMACIÓN GENERAL | |
| campo de control de longitud fija | 130906s2005 sp a 000 0 spa d |
| 020 ## - NÚMERO INTERNACIONAL ESTÁNDAR DEL LIBRO | |
| Número Internacional Estándar del Libro | 8484892220 |
| 040 ## - FUENTE DE LA CATALOGACIÓN | |
| Centro catalogador/agencia de origen | DO-SdBNP |
| Lengua de catalogación | spa |
| Centro/agencia transcriptor | BNPHU |
| 245 00 - MENCIÓN DE TÍTULO | |
| Título | Relatos de nación : |
| Resto del título | la construcción de las identidades nacionales en el mundo hispánico / |
| Mención de responsabilidad, etc. | editor Francisco Colom González. |
| 260 ## - PUBLICACIÓN, DISTRIBUCIÓN, ETC. | |
| Lugar de publicación, distribución, etc. | Madrid : |
| Nombre del editor, distribuidor, etc. | Iberoamericana : |
| -- | Instituto de Filosofía, Consejo Superior de Investigaciones Sientíficas, |
| Fecha de publicación, distribución, etc. | 2005. |
| 300 ## - DESCRIPCIÓN FÍSICA | |
| Extensión | 2 v. ; |
| Dimensiones | 23 cm. |
| 500 ## - NOTA GENERAL | |
| Nota general | Incluye referencias bibliográficas y notas al pie de las páginas |
| 504 ## - NOTA DE BIBLIOGRAFÍA, ETC. | |
| Nota de bibliografía, etc. | bibliografías. |
| 700 1# - PUNTO DE ACCESO ADICIONAL--NOMBRE DE PERSONA | |
| Nombre de persona | Colom González, Francisco |
| Término indicativo de función/relación | ed. |
| Fechas asociadas al nombre | 1961- |
| 9 (RLIN) | 67214 |
| 710 2# - PUNTO DE ACCESO ADICIONAL--NOMBRE DE ENTIDAD CORPORATIVA | |
| Nombre de entidad corporativa o nombre de jurisdicción como elemento de entrada | Consejo Superior de Investigaciones Sientíficas |
| 9 (RLIN) | 67215 |
| Estado de retiro | Estado de pérdida | Restricciones de uso | No para préstamo | Código de colección | Localización permanente | Ubicación/localización actual | Ubicación en estantería | Fecha de adquisición | Número de inventario | Total de préstamos | Signatura topográfica completa | Código de barras | Fecha visto por última vez | Precio válido a partir de | Tipo de ítem Koha |
|---|---|---|---|---|---|---|---|---|---|---|---|---|---|---|---|
| Excluido de préstamo | Monografías: Libros y Folletos | General | General | En catalogación | 06.09.2013 | LF1 | v. 1 | 40793-10 | 25.06.2020 | 25.06.2020 | No se presta | ||||
| Excluido de préstamo | Monografías: Libros y Folletos | General | General | En catalogación | 06.09.2013 | LF1 | v. 2 | 40793-20 | 25.06.2020 | 25.06.2020 | No se presta |
